Statistics for Countries Beyonce has Visited

Click here to take the quiz!

General Stats

  • This quiz has been taken 32 times
    (12 since last reset)
  • The average score is 43 of 49

Answer Stats

Continent Country % Correct
South AmericaArgentina
100%
AfricaSouth Africa
100%
EuropeItaly
100%
Oceania New Zealand
100%
EuropeNorway
100%
AsiaIndia
100%
EuropePoland
100%
EuropeGermany
100%
EuropeFrance
100%
EuropePortugal
100%
EuropeDenmark
100%
North AmericaMexico
100%
EuropeSpain
100%
EuropeSweden
100%
EuropeSwitzerland
100%
AsiaChina
100%
EuropeUnited Kingdom
100%
North AmericaCanada
100%
South AmericaBrazil
100%
EuropeAustria
100%
OceaniaAustralia
100%
North AmericaUnited States of America
92%
Europethe Netherlands
92%
AfricaEgypt
92%
EuropeIreland
92%
EuropeBelgium
92%
South AmericaColombia
92%
EuropeCroatia
92%
AsiaJapan
92%
EuropeCzech Republic
83%
AsiaIndonesia
83%
South AmericaPeru
83%
Asiathe Philippines
83%
EuropeHungary
83%
South AmericaChile
83%
Asia/ EuropeRussia
83%
EuropeUkraine
83%
AsiaSouth Korea
83%
South AmericaVenezuela
75%
AsiaSingapore
75%
EuropeSerbia
75%
EuropeRomania
75%
EuropeSlovakia
67%
AsiaTaiwan
67%
AsiaThailand
67%
AsiaUnited Arab Emirates
67%
AfricaEthiopia
67%
EuropeMonaco
50%
North AmericaTrinidad and Tobago
42%

Score Distribution

Percentile by Number Answered

Percent of People with Each Score

Your Score History

You have not taken this quiz since the last reset